000 02029nam0a2200409 i 4500
001 RU\NLR\bibl\2021793
005 20260406145504.0
010 _a9785881900625
_bВахазар
010 _a978-86-83927-62-3
_bИГАМ
021 _aRU
_b2013-21025
_91480
035 _a(NLR Aleph) 002010008
090 _a4451797
_c4451797
100 _a20131026d2012 |||y0rusy50 ca
101 0 _ascc
_arus
102 _aRU
_aRS
105 _aa |||||||||
200 1 _aДва единства
_dДва jединства
_eизбранные стихотворения
_f[сост.: Андрей Базилевский
_gпер. с рус.: Владимир Ягличич и др.
_gрис.: Екатерина Базилевская]
_zscc
210 _aМосква
_cВахазар
_aБелград
_cИГАМ
_d2012
_cИГАМ
215 _d20
225 1 _aРусско-сербская поэтическая библиотека: классика
_dРуско-српска поетска библиотека: класика
_v1
300 _aАвт. также на серб. яз.: Фjодор Тjутчев
300 _aТекст парал. на рус. и серб. яз.
510 1 _6z48790
_aДва jединства
_zscc
686 2 _aШ6(2=Р)52-5
686 2 _aШ6(2=Р)57серб.
700 1 _4070
_8rus
_7ca
_aТютчев
_bФ. И.
_f1803-1873
_gФедор Иванович
_3RU\NLR\AUTH\77507
_9110556
702 1 _4070
_8rus
_7ca
_aБазилевский
_bА. Б.
_f1957-2019
_gАндрей Борисович
_3RU\NLR\AUTH\774697
_9114674
702 1 _aЯгличич
_bВ.
_gВладимир
_4730
702 1 _aБазилевская
_bЕ.
_gЕкатерина
_4440
790 1 _4070
_7ca
_8scc
_aТjутчев
_bФ.
_f1803-1873
_gФjодор
_9127043
_3RU\NLR\AUTH\770127067
801 0 _aRU
_bNLR
_c20130409
_gRCR
801 1 _aRU
_bNLR
_c20130409
942 _cBOOK
980 _aNBR